000 01281cam a2200133 4500500
005 20260405090530.0
041 _afre
042 _adc
100 1 0 _aDelanoë, Nelcya
_eauthor
245 0 0 _aPoussières d'empires
260 _bPresses Universitaires de France,
_c2002.
520 _aEntre les mécanismes de mémorisation et d’oubli, entre l’instrumentalisation des idéaux les plus nobles et le cynisme des politiques, entre le témoignage brut de ces hommes et de ces femmes, de leurs enfants et l’épopée d’un demi-siècle d’histoire, cette saga de quelques familles maroco-vietnamiennes donne une vision souvent bouleversante sur ce que furent les enjeux des guerres de décolonisation puis de l’indépendance nationale. Un travail original, indispensable et salutaire pour repenser cette partie de notre histoire coloniale et de décolonisation, hors des sentiers battus.SOMMAIREChap 1: L’Empire Chap 2: Soldats de l’Empire Chap 3: De l’Indochine au Viêt-Nam Chap 4: Partir ! Rentrer Chap 5: Bannières et drapeaux Chap 6: Du Viêt-Nam au Maroc Chap 7: Mémoire exsangue Chap 8: La porteChronologie sommaire -- Bibliographie
856 4 1 _uhttps://shs.cairn.info/poussieres-d-empires--9782130529156?lang=fr&redirect-ssocas=7080
999 _c2206076
_d2206076